| 000 | 00335nam a2200133Ia 4500 | ||
|---|---|---|---|
| 005 | 20251222141953.0 | ||
| 008 | 251222s9999||||xx |||||||||||||| ||spa|| | ||
| 020 | _a968-13-1144-2 | ||
| 082 | _a158.12/S55 | ||
| 100 | _aSilva, José | ||
| 245 | 0 | _aDinámica del Método Silva de Control Mental | |
| 264 | _bEditorial Diana | ||
| 942 | _cLIB | ||
| 999 |
_c9749 _d9749 |
||